| 000 | 01227nam a2200337 c 4500 | ||
|---|---|---|---|
| 001 | 000028990 | ||
| 003 | RuMoIPM | ||
| 005 | 20260120113513.0 | ||
| 008 | 200124s1985 ru a||||||||||||||||rus d | ||
| 035 | _abiblionumber | ||
| 035 | _abiblionumber | ||
| 035 | _abiblionumber | ||
| 035 | _abiblionumber | ||
| 035 | _abiblionumber | ||
| 035 | _abiblionumber | ||
| 040 |
_aRuMoBEN _brus _ercr |
||
| 041 |
_arus _heng |
||
| 044 | _aru | ||
| 080 | _a001 | ||
| 100 | 1 | _aАзимов, Айзек | |
| 245 | 0 | 0 |
_aЯзык науки = _bWords of Science and the History Behind Them _cА. Азимов ; Пер. с англ. И. Э. Лалаянца ; под ред. и с предисл. Б. Д. Сергиевского |
| 260 |
_aМосква _bМир _c1985 |
||
| 300 | _a278, [2] с. | ||
| 490 | 0 | _aВ мире науки и техники | |
| 500 | _aДоп. тит. л. англ. | ||
| 500 | _aПер. изд.: Words of science and the history behind them / Asimov Isaac. - New York ; Scarborough (Ont.) : New Amer. libr., cop. 1985 | ||
| 504 | _aПредм. указ.: с. 276 — [279]. | ||
| 700 | 0 |
_aЛалаянц, И. Э. _eпер. |
|
| 700 | 0 |
_aСергиевский, Б. Д. _eред. |
|
| 942 | _cBK | ||
| 999 |
_c28990 _d28990 |
||